000 01047nam a22003137a 4500
003 CHAP
005 20220329134205.0
008 971013s1981 r 00010 d
010 _a16718
011 _a17690
035 _a21774
040 _cCHAP
090 _aTesis
100 0 0 _aJaime Ascencio, Artemio.
_960914
245 _aMetodología para elaborar y evaluar proyectos pecuarios con productores de escasos recursos
260 _aMéxico, D.F., :
_bEl autor,
_c1981
300 _a75 p
502 _aTesis (Médico Veterinario Zootecnista) -- UNAM. Fac. de Medicina Veterinaria y Zootecnia
590 _aALEPH
_b10
_c20130110
_lUCH01
_h1239
590 _aBATCH-UPD
_b10
_c20130110
_lUCH01
_h1256
590 _aBATCH-UPD
_b10
_c20130410
_lUCH01
_h0816
590 _aBATCH-UPD
_b10
_c20130914
_lUCH01
_h1932
590 _aCONVERSION
_b10
_c20130109
_lUCH01
_h1310
650 1 4 _aPolítica ganadera.
_990617
650 1 4 _aProyectos
_xEvaluación.
_992525
901 _aBK
942 _cTESIS
949 _bBC
_cTES
_d-50696
_eTS1
_h18355
_i21774
_mD
_si
999 _c16718
_d16718